| 000 | 00834nam a2200157 a 4500 | ||
|---|---|---|---|
| 001 | 000028149 | ||
| 005 | 20200930031406.0 | ||
| 008 | 110407s1981 dr ac r 000 0 spa d | ||
| 040 |
_aDO-SdBNP _bspa _cBNPHU |
||
| 082 |
_axxxx _bF633i |
||
| 100 | 1 |
_aFlorentino R., José E. _955151 |
|
| 245 | 1 | 0 |
_aIncidencia de la Corporación Dominicana de Electricidad en el desarrollo económico del país / _cJosé E. Florentino R. |
| 260 |
_aSanto Domingo : _bCorporación Dominicana de Electricidad, _c1981. |
||
| 300 |
_a17 p. : _bil., retr. ; _c21 cm. |
||
| 500 | _aDiscurso pronunciado por el Lic. José E. Florentino R., Administrador General de la Corporación Dominicana de Electricidad, durante el almuerzo de la Cámara de Comercio, Agricultura e Industria del Distrito Nacional, inc., celebrado en el Hotel Lina, el día 12 de marzo de 1981. | ||
| 999 |
_c27641 _d27641 |
||